000 00603 a2200193 4500
999 _c9378
_d9378
020 _a0409037028 (hard cover)
020 _a040903701X (soft cover)
050 0 0 _aKTL 3344 KAP 1991
100 1 _aKaplan, Morris.
245 1 2 _aA guide to the Minerals Act, 1991 /
_cby M. Kaplan and M.O. Dale.
264 _aDurban:
_bButterworths;
_c1992
300 _aviii, 295 p. ;
500 _aIncludes index
504 _aIncludes bibliographical references and index.
650 0 _aMining law
700 1 _aDale, M. O.
710 1 2 _aSouth Africa.
_tMinerals Act, 1991.
_f1992.
942 _2lcc
_cBK
_h3344
_iKAP
_kKTL